000 00820nam a2200241 a 4500
001 000028012
003 DO-SdBNP
005 20250307073710.0
008 110406s1999 dr 000 0 spa d
040 _aDO-SdBNP
_bspa
_cBNPHU
082 4 _a928.61
_bH519s
_222
100 1 0 _aTena Reyes, Jorge
_98252
245 1 0 _aSemblanza sobre la vida y obra de Pedro Henríquez Ureña /
_cJorge Tena Reyes.
264 _aSanto Domingo :
_bSecretaría de Estado de Educación y Cultura,
_c1999.
300 _a18 Páginas ;
_c22 cm.
336 _atexto
_btxt
_2rdacontent
337 _asin mediación
_bn
_2rdamedia
338 _avolumen
_bnc
_2rdacontent
590 _aInventariado, 2021 / DG
600 1 0 _aHenríquez Ureña, Pedro,
_d1884-1946
_xBiografías
_91718
650 _aLiteratura dominicana
_979451
942 _2ddc
_cLBS1
999 _c27504
_d27504